|
|
|
|
| LEADER |
02042cas a2200289 a 4500 |
| 001 |
AALejournalIMF023040 |
| 008 |
230101c9999 xx r poo 0 0eng d |
| 020 |
|
|
|c 20.00 USD
|
| 020 |
|
|
|z 9798400217852
|
| 022 |
|
|
|a 1934-7685
|
| 040 |
|
|
|a BD-DhAAL
|c BD-DhAAL
|
| 110 |
2 |
|
|a International Monetary Fund.
|b Monetary and Capital Markets Department.
|
| 245 |
1 |
0 |
|a Germany :
|b Financial Sector Assessment Program Technical Note-Regulation And Supervision Of Less Significant Institutions.
|
| 264 |
|
1 |
|a Washington, D.C. :
|b International Monetary Fund,
|c 2022.
|
| 300 |
|
|
|a 1 online resource (52 pages)
|
| 490 |
1 |
|
|a IMF Staff Country Reports
|
| 500 |
|
|
|a <strong>Off-Campus Access:</strong> No User ID or Password Required
|
| 500 |
|
|
|a <strong>On-Campus Access:</strong> No User ID or Password Required
|
| 506 |
|
|
|a Electronic access restricted to authorized BRAC University faculty, staff and students
|
| 520 |
3 |
|
|a The Financial Sector Assessment Program (FSAP) conducted a focused review that primarily assessed banking regulation and supervision of Germany's less significant institutions (LSIs).1 Germany accounts for 1,324 of about 2,400 total LSIs in the Euro Area (representing 40 percent of Germany's banking sector assets and approximately 55 per cent of total Euro Area LSI assets). As Germany is part of the Euro Area, the regulation and supervision of banks takes place within the European Central Bank's (ECB) Single Supervisory Mechanism (SSM). The Federal Financial Supervisory Authority (BaFin) and the Deutsche Bundesbank (BBk) are responsible, under the oversight of the ECB, for the supervision of LSIs.
|
| 538 |
|
|
|a Mode of access: Internet
|
| 650 |
|
7 |
|a International Agreements and Observance
|2 imf
|
| 650 |
|
7 |
|a International Organizations
|2 imf
|
| 650 |
|
7 |
|a Monetary Policy
|2 imf
|
| 651 |
|
7 |
|a Germany
|2 imf
|
| 830 |
|
0 |
|a IMF Staff Country Reports; Country Report ;
|v No. 2022/265
|
| 856 |
4 |
0 |
|z Full text available on IMF
|u https://elibrary.imf.org/openurl?genre=journal&issn=1934-7685&volume=2022&issue=265
|z IMF e-Library
|